Požiadavky normalizovaných manažérskych systémov na marketingovú analýzu
Uložené v:
| Hlavný autor: | |
|---|---|
| Korporativný autor: | |
| Médium: | Kniha |
| Jazyk: | Slovak |
| Vydavateľské údaje: |
Banská Bystrica
BELIANUM
2021
|
| Vydanie: | 1. vydanie |
| Predmet: | |
| Tagy: |
Žiadne tagy, Buďte prvý, kto otaguje tento záznam!
|
MARC
| LEADER | 00000nam a2200000 4500 | ||
|---|---|---|---|
| 001 | 0282524 | ||
| 005 | 20240221114312.3 | ||
| 020 | |a 978-80-557-1870-5 | ||
| 041 | 0 | |a slo | |
| 044 | |a SK | ||
| 245 | 1 | 0 | |a Požiadavky normalizovaných manažérskych systémov na marketingovú analýzu |c Lucia Bartková |
| 250 | |a 1. vydanie | ||
| 264 | 1 | |a Banská Bystrica |b BELIANUM |c 2021 | |
| 300 | |a 159 s. | ||
| 610 | 2 | 0 | |a marketing |
| 610 | 2 | 0 | |a analýzy |
| 610 | 2 | 0 | |a systémy informačné marketingové |
| 610 | 2 | 0 | |a prostredie podnikové |
| 610 | 2 | 0 | |a analýza swot |
| 610 | 2 | 0 | |a matice |
| 100 | 1 | |a Bartková, Lucia | |
| 710 | 2 | |a Univerzita Mateja Bela v Banskej Bystrici. Ekonomická fakulta | |